000 00541nam a22002177a 4500
003 UA-OsUOA
001 94673
007 ta
008 20130218b un ||||| |||| 00| 0 ukr d
100 _aДрайзер Т.
090 _a821.111.1(73)
_bД72
942 _cBK
040 _aUA-OsUOA
_brus
_cUA-OsUOA
_dUA-OsUOA
245 _aТитан
_bроман
300 _a590 с.
955 _a3
041 _arus
080 _a821.111.1(73)
650 7 _a82 Література. Літературознавство
_2UDC
999 _c380916
_d380916